[Event "Berlin Lieb Memorial 5th"]
[Site "Berlin"]
[Date "2019.05.10"]
[Round "2"]
[White "Figura, Atila Gajo"]
[Black "Block, Werner"]
[Result "1-0"]
[WhiteElo "2380"]
[BlackElo "1979"]
[PlyCount "49"]
[EventDate "2019.05.03"]
[EventType "swiss"]
[EventRounds "7"]
[EventCountry "GER"]
[SourceTitle "EXT 2020"]
[Source "ChessBase"]
[SourceDate "2019.10.17"]
[SourceVersion "1"]
[SourceVersionDate "2019.10.17"]
[SourceQuality "1"]

1. Nf3 d5 2. g3 Nf6 3. Bg2 g6 4. c4 c6 5. b3 Bg7 6. Bb2 0-0 7. 0-0 Re8 8. d4 Nbd7 9. Nc3 Nb6 10. Nd2 e6 11. e3 Qc7 12. Rc1 Bd7 13. Qe2 Rad8 14. Rfd1 Bc8 15. e4 Nxe4 16. Ndxe4 dxe4 17. Nxe4 Nd7 18. d5 exd5 19. Bxg7 Kxg7 20. cxd5 Qe5 21. f4 Qc7 22. Qb2+ f6 23. dxc6 bxc6 24. Rxd7+ Qxd7 25. Nxf6 1-0